000 01643nam2a22003371 4500
001 rc\3018693
005 20250809113255.0
035 _a(NLR Aleph) 007160902
090 _a88624
_c88624
100 _a20110926d1941 u y0rusy50 ca
101 0 _arus
102 _aRU
105 _acha z |||||
200 1 _aЛитература XVIII века, Ч. 1
_f[Авторы: акад. А.Н. Белецкий, Г.О. Винокур, А.И. Грушкин и др.]
_gРед.: проф. Г.А. Гуковский, проф. В.А. Десницкий
210 _d1941
215 _a424 с., 9 вкл. л. портр. и факс.
_cил., портр., факс.
461 0 _1001rc\3018689
_12001#$aИстория русской литературы$fГл. ред.: чл.-кор. П.И. Лебедев-Полянский (пред.), акад. А.С. Орлов, акад. А.Н. Толстой [и др.]$gАкад. нук СССР, Ин-т лит.(Пушкинский дом)$vТ. 3
700 1 _aБелецкий
_bА.И.
_f1884-1961
_gАлександр Иванович
701 1 _aВинокур
_bГ.О.
701 1 _aГрушкин
_bА.И.
702 1 _aГуковский
_bГ.А.
_4340
702 1 _aДесницкий
_bВ.А.
_4340
801 0 _aRU
_bNLR
_gpsbo
801 1 _aRU
_bELAR
_2rusmarc
852 _aNLR
_jЛ20 Г-7/3(3)
852 _aNLR
_bМф
_jК1-1/24757
852 _aNLR
_jКрII/4102(3/1)
942 _cBOOK
945 _aРоссийская национальная библиотека
_aЦентральная городская библиотека Нижнего Новгорода
980 _aBV